banner-ar

تصميم التغليف / (Record no. 65187)

MARC details
000 -الفاتح
حقل البيانات ثابتة الطول 00767nam a2200205Ia 4500
005 - وقت وتاريخ اخر تعامل مع التسجيلة
رقم الضبط 20240530110811.0
008 - عناصر البيانات ثابتة الطول - معلومات عامة
حقل البيانات ثابتة الطول 140319s2009 jo a b 000 0 ara d
017 ## - رقم الايداع القانونى
رقم الايداع القانونى 2008/10/3466
المصدر ( الهيئة المختصة) عمان . دائرة المكتبة الوطنية
040 ## - مصدر الفهرسة
وكالة الفهرسة الأصلية GCL /
وكالة النسخ GCL
082 04 - رقم تصنيف ديوى العشرى
رقم الطبعة 21
رقم التصنيف 769.565 /
رقم المادة ن ت
100 0# - المدخل الرئيسى - إسم شخصى
الإسم الشخصى نور الدين احمد النادى
245 10 - بيان العنوان
العنوان تصميم التغليف /
بيان المسئوليه,etc تأليف نور الدين احمد النادى ( ... واخ )
250 ## - بيان الطبعة
بيان الطبعة ط.1
260 ## - PUBLICATION, DISTRIBUTION, ETC. (IMPRINT)
تاريخ النشر أو التوزيع 2009 .
300 ## - الوصف المادى
التعداد 215 ص. :
تفاصيل ماديه اخرى للوعاء ايض. ؛
أبعاد الوعاء 24 سم.
650 07 - المدخل الاضافى بالموضوع-مصطلح موضوعى
مصطلح موضوعي التغليف
مصدر الرأس أو المصطلح qrmak
651 ## - المدخل الاضافى بالموضوع - اسم جغرافى
مصدر الرأس أو المصطلح qrmak
942 ## - عناصر المدخل الإضافي( كوها)
مصدر التصنيف او مخطط الترفيف Dewey Decimal Classification
Koha [default] item type كتاب
260 ## - PUBLICATION, DISTRIBUTION, ETC. (IMPRINT)
-- عمان :
-- مكتبة المجتمع العربى للنشر والتوزيع،
Holdings
حالة التراجع حالة الفقد حالة تلف ليس للاعارة المكان المؤقت الموقع الحالى موقع الترفيف تاريخ الاكتساب اجمالي اﻻعارات رقم الطلب الباركود تاريخ اخر مشاهدة تاريخ تفعيل السعر نوع وعاء كوها
        مكتبة القاهرة الكبرى مكتبة القاهرة الكبرى   05/11/2019   769.565 / ن ت 165872 05/11/2019 05/11/2019 كتاب

Powered By

EGPV